Statistiken für Alpiner Skiweltcup 2021/22 (Damen)

Klicken Sie hier um das Quiz zu spielen!

Allgemein

  • Dieses Quiz wurde 121 mal gespielt
    (105 seit der letzten Aktualisierung)
  • Das Durchschnittsergebnis liegt bei 92 aus 127

Antwortstatistiken

OrtDisziplinPlatzierungNationalitätAntwort% Korrekt
SchladmingSlalom1.USAMikaela Schiffrin
96%
SöldenRiesenslalom1.USAMikaela Shiffrin
96%
Levi2.USAMikaela Shiffrin
96%
St. Moritz3.USAMikaela Shiffrin
96%
Courchevel I2.USAMikaela Shiffrin
96%
St. Moritz3.USAMikaela Shiffrin
96%
Zagreb2.USAMikaela Shiffrin
96%
KillingtonSlalom1.USAMikaela Shiffrin
96%
Courchevel IRiesenslalom1.USAMikaela Shiffrin
96%
Lenzerheide2.USAMikaela Shiffrin
96%
Levi2.USAMikaela Shiffrin
96%
Courchevel II2.USAMikaela Shiffrin
96%
Courchevel IIAbfahrt1.USAMikaela Shiffrin
96%
Åre3.USAMikaela Shiffrin
96%
Crans-Montana3.ITASofia Goggia
91%
Val-d'IsèreAbfahrt1.ITASofia Goggia
91%
St. Moritz2.ITASofia Goggia
91%
Lake LouiseSuper-G1.ITASofia Goggia
91%
Cortina d'AmpezzoAbfahrt1.ITASofia Goggia
91%
Lake LouiseAbfahrt1.ITASofia Goggia
91%
Val-d'IsèreSuper-G1.ITASofia Goggia
91%
Lake LouiseAbfahrt1.ITASofia Goggia
91%
XXIV. Olympische Winterspiele in Peking2.ITASofia Goggia
91%
ÅreRiesenslalom1.SVKPetra Vlhová
87%
Schladming2.SVKPetra Vlhová
87%
ZagrebSlalom1.SVKPetra Vlhová
87%
LienzSlalom1.SVKPetra Vlhová
87%
Kronplatz2.SVKPetra Vlhová
87%
Lienz2.SVKPetra Vlhová
87%
XXIV. Olympische Winterspiele in PekingSlalom1.SVKPetra Vlhová
87%
Méribel3.SVKPetra Vlhová
87%
Kranjska GoraSlalom1.SVKPetra Vlhová
87%
Méribel3.SVKPetra Vlhová
87%
LeviSlalom1.SVKPetra Vlhová
87%
Killington2.SVKPetra Vlhová
87%
LeviSlalom1.SVKPetra Vlhová
87%
SöldenRiesenslalom3.SVKPetra Vlhová
87%
Garmisch-PartenkirchenSuper-G1.ITA
AUT
Federica Brignone
Cornelia Hütter
84%
Killington3.SUIWendy Holdener
82%
XXIV. Olympische Winterspiele in Peking3.SUIWendy Holdener
82%
XXIV. Olympische Winterspiele in Peking2.SUIWendy Holdener
82%
Kranjska Gora2.SUIWendy Holdener
82%
XXIV. Olympische Winterspiele in PekingMannschaftswettbewerb1.AUTKatharina Huber
Katharina Liensberger
Katharina Truppe
81%
XXIV. Olympische Winterspiele in Peking3.SUILara Gut-Behrami
81%
XXIV. Olympische Winterspiele in PekingSuper-G1.SUILara Gut-Behrami
81%
SöldenRiesenslalom2.SUILara Gut-Behrami
81%
Lenzerheide3.SUILara Gut-Behrami
81%
Altenmarkt-ZauchenseeAbfahrt1.SUILara Gut-Behrami
81%
St. MoritzSuper-G1.SUILara-Gut-Behrami
81%
Lake Louise2.SUILara Gut-Behrami
81%
XXIV. Olympische Winterspiele in Peking3.ITAFederica Brignone
79%
Altenmarkt-ZauchenseeSuper-G1.ITAFederica Brignone
79%
XXIV. Olympische Winterspiele in Peking2.ITAFederica Brignone
79%
MéribelRiesenslalom1.ITAFederica Brignone
79%
Lenzerheide2.ITAFederica Brignone
79%
St. MoritzSuper-G1.ITAFederica Brignone
79%
ÅreSlalom1.AUTKatharina Liensberger
79%
XXIV. Olympische Winterspiele in Peking2.AUTKatharina Liensberger
79%
Lienz2.AUTKatharina Liensberger
79%
Zagreb3.AUTKatharina Liensberger
79%
Méribel2.GERLena Dürr
79%
Levi3.GERLena Dürr
79%
Levi3.GERLena Dürr
79%
Schladming3.GERLena Dürr
79%
XXIV. Olympische Winterspiele in PekingAbfahrt1.SUICorinne Suter
78%
Lake Louise3.SUICorinne Suter
78%
Garmisch-PartenkirchenAbfahrt1.SUICorinne Suter
78%
Altenmarkt-Zauchensee2.SUICorinne Suter
78%
XXIV. Olympische Winterspiele in Peking2.GEREmma Aicher
Lena Dürr
78%
XXIV. Olympische Winterspiele in PekingAlpine Kombination1.SUIMichelle Gisin
73%
XXIV. Olympische Winterspiele in Peking3.SUIMichelle Gisin
73%
Åre3.SUIMichelle Gisin
73%
Courchevel II3.SUIMichelle Gisin
73%
Lienz3.SUIMichelle Gisin
73%
Cortina d'Ampezzo3.SUIMichelle Gisin
73%
Courchevel IRiesenslalom3.SUIMichelle Gisin
73%
Lenzerheide3.SWESara Hector
72%
XXIV. Olympische Winterspiele in PekingRiesenslalom1.SWESara Hector
72%
Courchevel IRiesenslalom2.SWESara Hector
72%
KronplatzRiesenslalom1.SWESara Hector
72%
Courchevel IRiesenslalom1.SWESara Hector
72%
Lienz3.SWESara Hector
72%
Kranjska GoraRiesenslalom1.SWESara Hector
72%
Courchevel I3.ITAMarta Bassino
70%
Kranjska Gora3.ITAMarta Bassino
70%
Méribel2.ITAMarta Bassino
70%
Åre2.ITAMarta Bassino
70%
Kronplatz3.FRATessa Worley
70%
LienzRiesenslalom1.FRATessa Worley
70%
LenzerheideRiesenslalom1.FRATessa Worley
70%
Kranjska Gora2.FRATessa Worley
70%
Val-d'Isère2.NORRagnhild Mowinckel
63%
Courchevel IISuper-G1.NORRagnhild Mowinckel
63%
Crans-Montana2.NORRagnhild Mowinckel
63%
Garmisch-Partenkirchen3.AUTCornelia Hütter
61%
Crans-Montana3.AUTCornelia Hütter
61%
Kranjska Gora3.SWEAnna Swenn-Larsson
60%
Crans-Montana2.CZEEster Ledecká
58%
Crans-MontanaAbfahrt1.CZEEster Ledecká
58%
Cortina d'Ampezzo3.CZEEster Ledecká
58%
Cortina d'Ampezzo2.AUTRamona Siebenhofer
54%
Altenmarkt-Zauchensee3.AUTRamona Siebenhofer
54%
Val-d'Isère3.ITAElena Curtoni
52%
Cortina d'AmpezzoSuper-G1.ITAElena Curtoni
52%
St. Moritz2.ITAElena Curtoni
52%
Lake Louise3.AUTMirjam Puchner
49%
XXIV. Olympische Winterspiele in Peking2.AUTMirjam Puchner
49%
Val-d'Isère3.AUTMirjam Puchner
49%
Lake Louise3.AUTMirjam Puchner
49%
Garmisch-Partenkirchen2.SUIJasmine Flury
48%
Altenmarkt-Zauchensee2.GERKira Weidle
46%
XXIV. Olympische Winterspiele in Peking3.NORMina Fürst Holtmann
Thea Louise Stjernesund
Maria Therese Tviberg
45%
Val-d'Isère2.USABreezy Johnson
42%
Lake Louise2.USABreezy Johnson
42%
Lake Louise2.USABreezy Johnson
42%
Garmisch-Partenkirchen3.AUTTamara Tippler
42%
Cortina d'Ampezzo2.AUTTamara Tippler
42%
Courchevel II2.AUT
SUI
Christine Scheyer
Joana Hählen
40%
Lech-ZürsParallel-Wettbewerb1.SLOAndreja Slokar
39%
MéribelSlalom1.SLOAndreja Slokar
39%
Lech-ZürsParallel-Wettbewerb2.NORThea Louise Stjernesund
39%
Crans-MontanaAbfahrt1.SUIPriska Nufer
34%
Åre2.NORMina Fürst Holtmann
33%
XXIV. Olympische Winterspiele in Peking3.ITANadia Delago
33%
LenzerheideSuper-G1.FRARomane Miradoli
27%
Lech-ZürsParallel-Wettbewerb3.NORKristin Lysdahl
24%
Altenmarkt-Zauchensee3.AUTAriane Rädler
15%

Verteilung der Resultate

Perzentil nach korrekt beantworteten Fragen

Anzahl Personen mit jedem Resultat

Ihre Resultats-Entwicklung

Sie haben dieses Quiz seit der letzten Aktualisierung nicht gespielt